Juke box-I grandi successi italiani vol.02 (sussurri e rock'n'roll) (Record n. 99757)
[ formato base ]
| 000 -LEADER | |
|---|---|
| fixed length control field | 03392njm a2200505Ia 4500 |
| 001 - CONTROL NUMBER | |
| control field | 23901 |
| 003 - CONTROL NUMBER IDENTIFIER | |
| control field | IT-RoPAU |
| 005 - DATE AND TIME OF LATEST TRANSACTION | |
| control field | 20220918181120.0 |
| 008 - FIXED-LENGTH DATA ELEMENTS--GENERAL INFORMATION | |
| fixed length control field | 131025s9999 xx 000 0 und d |
| 040 ## - CATALOGING SOURCE | |
| Original cataloging agency | IT-RoPAU |
| 040 ## - CATALOGING SOURCE | |
| Transcribing agency | IT-RoPAU |
| 041 ## - LANGUAGE CODE | |
| Language code of text/sound track or separate title | ITALIANO |
| 999 ## - SYSTEM CONTROL NUMBERS (KOHA) | |
| Koha Dewey Subclass [OBSOLETE] | n.d. |
| 100 ## - MAIN ENTRY--PERSONAL NAME | |
| Personal name | AA.VV. |
| 9 (RLIN) | 794 |
| 100 ## - MAIN ENTRY--PERSONAL NAME | |
| Relator term | Autore musica |
| 9 (RLIN) | 7213 |
| 100 ## - MAIN ENTRY--PERSONAL NAME | |
| Miscellaneous information | Codice autore musica SPICS: 12000 |
| 9 (RLIN) | 796 |
| 245 ## - TITLE STATEMENT | |
| Title | Juke box-I grandi successi italiani vol.02 (sussurri e rock'n'roll) |
| 250 ## - EDITION STATEMENT | |
| Edition statement | 2a ed. |
| 260 ## - PUBLICATION, DISTRIBUTION, ETC. (IMPRINT) | |
| Place of publication, distribution, etc. | ITALIA |
| 260 ## - PUBLICATION, DISTRIBUTION, ETC. (IMPRINT) | |
| Name of publisher, distributor, etc. | SELEZIONE |
| Date of publication, distribution, etc. | 1980 [1a Ed.:1961] |
| 300 ## - PHYSICAL DESCRIPTION | |
| Extent | DISCO |
| 500 ## - GENERAL NOTE | |
| General note | Migliori successi della canzone italiana |
| 505 ## - FORMATTED CONTENTS NOTE | |
| Formatted contents note | Il cielo in una stanza [Mina (Mazzini A.M.)] - Il cane di stoffa (Donaggio Pino) - Notte di luna calante (Modugno Domenico) - Uno a te, uno a me-Mai di domenica [Milva (Biolcati Maria Ilva)] - Su nel cielo-What a Sky (Fidenco Nico) - Il barattolo (Meccia Gianni) - Come sinfonia (Donaggio Pino) - Buondì (Curtis Betty) - Nessuno al mondo (Di Capri Peppino) - Marina (Marini Marino) - Quando vien la sera (Sentieri Joe) - Le mille bolle blu [Mina (Mazzini A.M.)] |
| 650 ## - SUBJECT ADDED ENTRY--TOPICAL TERM | |
| Topical term or geographic name as entry element | CANZONE ITALIAN [DISCHI] |
| Relator term | Codice MATERIA SPICS: 9950 |
| 9 (RLIN) | 7214 |
| 700 ## - ADDED ENTRY--PERSONAL NAME | |
| Personal name | Mogol (Rapetti Giulio) |
| Dates associated with a name | Codice autore musica SPICS: 13643 |
| Relator term | Autore musica |
| Name of part/section of a work | Il cielo in una stanza |
| 9 (RLIN) | 7215 |
| 700 ## - ADDED ENTRY--PERSONAL NAME | |
| Personal name | Toang |
| Dates associated with a name | Codice autore testo/musica SPICS: 14067 |
| Relator term | Autore testo/musica |
| Name of part/section of a work | Il cielo in una stanza |
| 9 (RLIN) | 7216 |
| 700 ## - ADDED ENTRY--PERSONAL NAME | |
| Personal name | Donaggio Pino |
| Dates associated with a name | Codice autore testo/musica SPICS: 13658 |
| Relator term | Autore testo/musica |
| Name of part/section of a work | Il cane di stoffa |
| 9 (RLIN) | 7217 |
| 700 ## - ADDED ENTRY--PERSONAL NAME | |
| Personal name | Modugno Domenico |
| Dates associated with a name | Codice autore testo/musica SPICS: 12142 |
| Relator term | Autore testo/musica |
| Name of part/section of a work | Notte di luna calante |
| 9 (RLIN) | 7218 |
| 700 ## - ADDED ENTRY--PERSONAL NAME | |
| Personal name | Hadjidakis |
| Dates associated with a name | Codice autore musica SPICS: 13935 |
| Relator term | Autore musica |
| Name of part/section of a work | Uno a te, uno a me-Mai di domenica |
| 9 (RLIN) | 7219 |
| 700 ## - ADDED ENTRY--PERSONAL NAME | |
| Personal name | Giada |
| Dates associated with a name | Codice autore testo/musica SPICS: 14068 |
| Relator term | Autore testo/musica |
| Name of part/section of a work | Uno a te, uno a me-Mai di domenica |
| 9 (RLIN) | 7220 |
| 700 ## - ADDED ENTRY--PERSONAL NAME | |
| Personal name | Cassia |
| Dates associated with a name | Codice autore musica SPICS: 16005 |
| Relator term | Autore musica |
| Name of part/section of a work | Su nel cielo-What a Sky |
| 9 (RLIN) | 7221 |
| 700 ## - ADDED ENTRY--PERSONAL NAME | |
| Personal name | Fusco Enzo |
| Dates associated with a name | Codice autore SPICS: 13644 |
| Relator term | Autore |
| Name of part/section of a work | Su nel cielo-What a Sky |
| 9 (RLIN) | 7222 |
| 700 ## - ADDED ENTRY--PERSONAL NAME | |
| Personal name | Maselli Gianfranco |
| Dates associated with a name | Codice autore testo/musica SPICS: 4058 |
| Relator term | Autore testo/musica |
| Name of part/section of a work | Su nel cielo-What a Sky |
| 9 (RLIN) | 7223 |
| 700 ## - ADDED ENTRY--PERSONAL NAME | |
| Personal name | Meccia Gianni |
| Dates associated with a name | Codice autore testo/musica SPICS: 14069 |
| Relator term | Autore testo/musica |
| Name of part/section of a work | Il barattolo |
| 9 (RLIN) | 7224 |
| 700 ## - ADDED ENTRY--PERSONAL NAME | |
| Personal name | Donaggio Pino |
| Dates associated with a name | Codice autore testo/musica SPICS: 13658 |
| Relator term | Autore testo/musica |
| Name of part/section of a work | Come sinfonia |
| 9 (RLIN) | 7225 |
| 700 ## - ADDED ENTRY--PERSONAL NAME | |
| Personal name | Calibi |
| Dates associated with a name | Codice autore musica SPICS: 14071 |
| Relator term | Autore musica |
| Name of part/section of a work | Buondì |
| 9 (RLIN) | 7226 |
| 700 ## - ADDED ENTRY--PERSONAL NAME | |
| Personal name | Nisa (Salerno Nicola) |
| Dates associated with a name | Codice autore SPICS: 13452 |
| Relator term | Autore |
| Name of part/section of a work | Buondì |
| 9 (RLIN) | 7227 |
| 700 ## - ADDED ENTRY--PERSONAL NAME | |
| Personal name | Rastelli Nino |
| Dates associated with a name | Codice autore musica SPICS: 13482 |
| Relator term | Autore musica |
| Name of part/section of a work | Nessuno al mondo |
| 9 (RLIN) | 7228 |
| 700 ## - ADDED ENTRY--PERSONAL NAME | |
| Personal name | Crafer Art |
| Dates associated with a name | Codice autore testo/musica SPICS: 14070 |
| Relator term | Autore testo/musica |
| Name of part/section of a work | Nessuno al mondo |
| 9 (RLIN) | 7229 |
| 700 ## - ADDED ENTRY--PERSONAL NAME | |
| Personal name | Granata Rocco |
| Dates associated with a name | Codice autore testo/musica SPICS: 14040 |
| Relator term | Autore testo/musica |
| Name of part/section of a work | Marina |
| 9 (RLIN) | 7230 |
| 700 ## - ADDED ENTRY--PERSONAL NAME | |
| Personal name | Testa Michele (=Gill Armando) |
| Dates associated with a name | Codice autore musica SPICS: 13131 |
| Relator term | Autore musica |
| Name of part/section of a work | Quando vien la sera |
| 9 (RLIN) | 7231 |
| 700 ## - ADDED ENTRY--PERSONAL NAME | |
| Personal name | Rossi Carlo Alberto (Cicero) |
| Dates associated with a name | Codice autore testo/musica SPICS: 13130 |
| Relator term | Autore testo/musica |
| Name of part/section of a work | Quando vien la sera - Le mille bolle blu |
| 9 (RLIN) | 7232 |
| 700 ## - ADDED ENTRY--PERSONAL NAME | |
| Personal name | Pallavicini Vito |
| Dates associated with a name | Codice autore testo/musica SPICS: 13656 |
| Relator term | Autore testo/musica |
| Name of part/section of a work | Le mille bolle blu |
| 9 (RLIN) | 7233 |
| 942 ## - ADDED ENTRY ELEMENTS (KOHA) | |
| Koha item type | DISCHI |
| Source of classification or shelving scheme | Dewey Decimal Classification |
| Withdrawn status | Lost status | Damaged status | Not for loan | Home library | Current library | Date acquired | Total Checkouts | Full call number | Date last seen | Price effective from | Koha item type | Public note |
|---|---|---|---|---|---|---|---|---|---|---|---|---|
| Buone Condizioni | Not For Loan | SPICS-MEDIATECA | SPICS-MEDIATECA | 25/10/2013 | 23901 | 25/10/2013 | 25/10/2013 | DISCHI | Progr. Ins.: 4748 / N.Vol.: 1 / Copie: 1 - Copia rara: n.d. / date import: 01.01.2014 - By Epidotti, Trombetti, Vaglietti |